Software atesting in the real world: Improving the process (Record no. 124109)

MARC details
000 -LEADER
fixed length control field 00391nam a2200145Ia 4500
008 - FIXED-LENGTH DATA ELEMENTS--GENERAL INFORMATION
fixed length control field 230917s9999||||xx |||||||||||||| ||und||
040 ## - CATALOGING SOURCE
-- 112990
Original cataloging agency VIVEKANANDA LIBRARY
041 ## - Language
-- English
082 ## - DDC NUMBER
Classification number 005.1 K 547 S
100 ## - MAIN ENTRY--PERSONAL NAME
Personal name Kit, Edward.
245 #0 - TITLE STATEMENT
Title Software atesting in the real world: Improving the process
260 ## - PUBLICATION, DISTRIBUTION, ETC. (IMPRINT)
Place of publication, distribution, etc New Delhi
Name of publisher, distributor, etc Pearson education
Date of publication, distribution, etc 2004
300 ## - PHYSICAL DESCRIPTION
Pages 252p p.
942 ## - ADDED ENTRY ELEMENTS (KOHA)
Koha item type Books
Holdings
Withdrawn status Lost status Damaged status Not for loan Location (home branch) Sublocation or collection (holding branch) Shelving location Date acquired Koha issues (times borrowed) Koha full call number Accession No. Koha date last seen Koha item type
        VIVEKANANDA LIBRARY VIVEKANANDA LIBRARY UIET Library 31/01/2007   005.1 K 547 S 219737 17/09/2023 Books
© Designed and Maintained by Vivekananda Library, MDU Rohtak